=LDR 00000nam 2200000 4500 =001 INLIS000000000008489 =005 20130612100340 =008 ***********************************Ind** =035 ##$$0010-061300000008489 =041 ##$$a Ind =082 ##$$a 2x4 =090 ##$$a 2x4, Rus t =100 ##$$a Rusyd, Ibnu =245 ##$$a tarjamah Bidayatil Mujtahid, Ibnu Rusyd =260 ##$$a 1990 $b Semarang =300 ##$$a 612 hlm, 21 cm =650 ##$$a iqiha